Physical Chemistry of Foods / (Record no. 7327)
[ view plain ]
| 000 -LEADER | |
|---|---|
| fixed length control field | 01116cac a22003135a 4500 |
| 001 - CONTROL NUMBER | |
| control field | 1086800 |
| 005 - DATE AND TIME OF LATEST TRANSACTION | |
| control field | 20150823120248.0 |
| 008 - FIXED-LENGTH DATA ELEMENTS--GENERAL INFORMATION | |
| fixed length control field | 920324t1992 nyua b 101 0 eng |
| 010 ## - LIBRARY OF CONGRESS CONTROL NUMBER | |
| LC control number | 92010185 |
| 020 ## - INTERNATIONAL STANDARD BOOK NUMBER | |
| International Standard Book Number | 0824786939 |
| 040 ## - CATALOGING SOURCE | |
| Original cataloging agency | DLC |
| Language of cataloging | eng |
| Transcribing agency | DLC |
| Modifying agency | DLC |
| -- | EG-Sc BUE |
| 050 00 - LIBRARY OF CONGRESS CALL NUMBER | |
| Classification number | TP372.5 |
| Item number | .P495 1992 |
| 082 04 - DEWEY DECIMAL CLASSIFICATION NUMBER | |
| Classification number | 664 |
| Item number | PHY |
| Edition number | 22 |
| 245 00 - TITLE STATEMENT | |
| Title | Physical Chemistry of Foods / |
| Statement of responsibility, etc | Edited by Henry G. Schwartzberg, Richard W. Hartel. |
| 260 ## - PUBLICATION, DISTRIBUTION, ETC. (IMPRINT) | |
| Place of publication, distribution, etc | New York : |
| Name of publisher, distributor, etc | Marcel Dekker, |
| Date of publication, distribution, etc | c.1992. |
| 300 ## - PHYSICAL DESCRIPTION | |
| Extent | xii, 747 p. : |
| Other physical details | ill. ; |
| Dimensions | 24 cm. |
| 490 1# - Series Statement | |
| Series statement | IFT basic symposium series ; |
| Volume/sequential designation | 7 |
| 500 ## - GENERAL NOTE | |
| General note | Index : p. 735-747. |
| 504 ## - BIBLIOGRAPHY, ETC. NOTE | |
| Bibliography, etc | Includes bibliographical references. |
| 590 ## - LOCAL NOTE (RLIN) | |
| Local note | Doha Ragab |
| 650 #0 - SUBJECT ADDED ENTRY--TOPICAL TERM | |
| Topical term or geographic name as entry element | Food |
| General subdivision | Composition |
| -- | Congresses. |
| 9 (RLIN) | 17015 |
| Source of heading or term | BUEsh |
| 651 ## - SUBJECT ADDED ENTRY--GEOGRAPHIC NAME | |
| Source of heading or term | BUEsh |
| 653 ## - INDEX TERM--UNCONTROLLED | |
| Arrived date list | August2015 |
| 700 1# - ADDED ENTRY--PERSONAL NAME | |
| Personal name | Schwartzberg, Henry G., |
| Dates associated with a name | 1925- |
| Relator term | editor |
| 9 (RLIN) | 17016 |
| 700 1# - ADDED ENTRY--PERSONAL NAME | |
| Personal name | Hartel, Richard W., |
| Dates associated with a name | 1951- |
| 9 (RLIN) | 17017 |
| Relator term | Editor |
| 830 #0 - SERIES ADDED ENTRY--UNIFORM TITLE | |
| Uniform title | IFT basic symposium series (Marcel Dekker, Inc.) ; |
| Volume number/sequential designation | [7]. |
| 9 (RLIN) | 17018 |
| 856 42 - ELECTRONIC LOCATION AND ACCESS | |
| Materials specified | Publisher description |
| Uniform Resource Identifier | <a href="http://www.loc.gov/catdir/enhancements/fy0745/92010185-d.html">http://www.loc.gov/catdir/enhancements/fy0745/92010185-d.html</a> |
| 942 ## - ADDED ENTRY ELEMENTS (KOHA) | |
| Source of classification or shelving scheme | Dewey Decimal Classification |
| Item type | Book - Borrowing |
| Withdrawn status | Item status | Source of classification or shelving scheme | Damaged status | Not for loan | Home library | Current library | Shelving location | Date acquired | Source of acquisition | Total Checkouts | Full call number | Barcode | Date last seen | Koha item type | Vendor | Cost, normal purchase price |
|---|---|---|---|---|---|---|---|---|---|---|---|---|---|---|---|---|
| Dewey Decimal Classification | Central Library | Central Library | First floor | 22/01/2008 | Purchase | 664 PHY | 000008714 | 15/07/2025 | Book - Borrowing | |||||||
| Dewey Decimal Classification | Central Library | Central Library | First floor | 03/08/2010 | 664 PHY | 000021626 | 15/07/2025 | Book - Borrowing | 450.00 |